00489nam a2200145Ia 4500008004100000245008400041260002600125260000900151300000800160650002600168650001200194856004500206999001900251952007300270170516s9999 xx 000 0 und d aAbdominopelvic actinomycosis: spectrum of imaging findings and common mimickers bActa Radiologica Open c2014 a3:2 xRadiologic Technology xRadtech uhttp://journals.sagepub.com/toc/arra/3/2 c332126d332126 001040aCLbCLd2017-05-16l0r2017-05-16 00:00:00w2017-05-16yFOJ